| 000 | 01540ncm0a22003971 4500 | ||
|---|---|---|---|
| 001 | RU\NLR\ONIZ\215754 | ||
| 005 | 20250626045021.0 | ||
| 010 | _a5-9565-0009-3 | ||
| 035 | _aRU\NLR\ONIZ\GALA\5000029385\20161123140855 | ||
| 035 | _a(NLR Aleph) 011338107 | ||
| 071 | 2 | 0 | _aNM 772 |
| 090 |
_a11175641 _c11175641 |
||
| 100 | _a20161123d2004 |||y0rusy50 ca | ||
| 101 | 0 | _arus | |
| 102 | _aRU | ||
| 125 | _aax | ||
| 200 | 1 |
_aЧакона _bНоты _dChaconne _fБах _g[транскр. для фп.] Бузони _zeng |
|
| 210 |
_aСанкт-Петербург _cНота _d2004 |
||
| 215 |
_a19 с. _d29 см |
||
| 225 | 1 | _aФортепиано | |
| 300 | _aКрат. сведения о Бузони и портр.: с. 4 обл. | ||
| 500 | 0 | 0 |
_aПартита № 2 для скрипки соло _iчакона _sBWV 1004 _uре мин. _wаранж. _rфп. |
| 606 | 1 |
_aТранскрипции для фортепиано _jНоты _2nlr_sh |
|
| 686 |
_aЩ954.2-095-058.55(4Г) _vLBC/SL _2rubbk |
||
| 700 | 1 |
_9z01790 _aБах _bИ. С. _f1685-1750 _gИоганн Себастьян _4230 _7ca |
|
| 702 | 1 |
_9z02790 _aБузони _bФ. _f1866-1924 _gФерруччо _4030 _7ca |
|
| 790 | 1 |
_9z01700 _aBach _bJ. S. _f1685-1750 _gJohann Sebastian _4230 _7ba |
|
| 790 | 1 |
_9z02702 _aBusoni _bF. _f1866-1924 _gFerruccio _4030 _7ba |
|
| 801 | 0 |
_aRU _bNLR _c20161123 _gPSBO |
|
| 801 | 1 |
_aRU _bNLR _c20161123 _2rusmarc |
|
| 801 | 2 |
_aRU _bNLR _c20180125 |
|
| 852 |
_aNLR _bМ _jК-3/25940 _p280196 _t1 |
||
| 942 | _cSCORE | ||
| 980 | _aNB | ||
| 980 | _aONIZ | ||